Gulistan-i-saadi (Record no. 575918)

000 -LEADER
fixed length control field 00470nam a22001697a 4500
003 - CONTROL NUMBER IDENTIFIER
control field CEME
005 - DATE AND TIME OF LATEST TRANSACTION
control field 20210628204026.0
008 - FIXED-LENGTH DATA ELEMENTS--GENERAL INFORMATION
fixed length control field 210104b xxu||||| |||| 00| 0 eng d
040 ## - CATALOGING SOURCE
Transcribing agency .
082 ## - DEWEY DECIMAL CLASSIFICATION NUMBER
Classification number 891.4393 SAA
100 ## - MAIN ENTRY--PERSONAL NAME
Personal name Dr Khawaja Hameed Yazdani , Khawaja Hameed Yazdani
9 (RLIN) 68316
245 ## - TITLE STATEMENT
Title Gulistan-i-saadi
260 ## - PUBLICATION, DISTRIBUTION, ETC.
Place of publication, distribution, etc. LAHORE
Name of publisher, distributor, etc. SANG-E-MEEL PUB
Date of publication, distribution, etc. 2011
300 ## - PHYSICAL DESCRIPTION
Extent 284P
650 ## - SUBJECT ADDED ENTRY--TOPICAL TERM
Topical term or geographic name entry element CLASSICAL PERSIAN LITERATURE.GULISTAN-I-SAADI
9 (RLIN) 68317
942 ## - ADDED ENTRY ELEMENTS (KOHA)
Koha item type Book
Source of classification or shelving scheme
Holdings
Withdrawn status Lost status Source of classification or shelving scheme Damaged status Not for loan Permanent Location Current Location Shelving location Date acquired Shelving control number Total Checkouts Full call number Barcode Date last seen Price effective from Koha item type Public note
          College of Electrical & Mechanical Engineering (CEME) College of Electrical & Mechanical Engineering (CEME) Fiction 08/02/2017 Urdu Literature 1 891.4393 SAA CEME-47049 06/28/2021 06/28/2021 Book 1.0
© 2023 Central Library, National University of Sciences and Technology. All Rights Reserved.